=LDR 00000nam 2200000 4500 =001 INLIS000000000016865 =005 20130612112108 =008 ***********************************Ind** =035 ##$$0010-061300000016865 =041 ##$$a Ind =082 ##$$a F Rom K =090 ##$$a F Rom K, Kal k =245 ##$$a Kolam baru buat baya =260 ##$$a 2003 $b Jakarta =300 ##$$a 24 hlm, ilus, 17 cm =650 ##$$a Fiksi Anak-anak =850 ##$$a NBPNMAT